000 00589nam a2200229 a 4500
999 _c5394
_d5394
001 5394
003 BD-JhCC
005 20171213185736.0
008 171213s1981 u a|||| || | 000 0 eng d
035 _a(BD-JhCC)5394
040 _aBD-JhCC
_dBD-JhCC
041 _aeng
082 _a649.1
_bHIL 1981
100 _aHaildebrand, Verna
245 _aParenting and Teaching Young Children /
_cVerna Haildebrand,
260 _aUSA :
_bMcGraw-Hill Book Company,
_c1981.
300 _a432 p. :
_c24 cm.
650 _aParenting
650 _aChild Care
942 _2ddc
_cBK